Vývojové tendencie zamestnanosti a nezamestnanosti v podmienkach slovenskej ekonomiky bakalárska práca

Salvato in:
Dettagli Bibliografici
Autore principale: Paulis, Matúš
Ente Autore: Národohospodárska fakulta EU. Katedra hospodárskej politiky
Altri autori: Lukáčik, Ján
Natura: Libro
Lingua:slovacco
Pubblicazione: Bratislava 2013
Tags: Aggiungi Tag
Nessun Tag, puoi essere il primo ad aggiungerne!!

MARC

LEADER 00000nbm a2200000 4500
001 0172502
005 20161109112057.0
041 0 |a slo 
044 |a SK 
245 1 0 |a Vývojové tendencie zamestnanosti a nezamestnanosti v podmienkach slovenskej ekonomiky  |b bakalárska práca  |c Matúš Paulis ; školiteľ: Ján Lukáčik 
264 1 |a Bratislava  |c 2013 
300 |a 48 s. 
100 1 |a Paulis, Matúš 
700 1 |a Lukáčik, Ján 
710 2 |a Národohospodárska fakulta EU. Katedra hospodárskej politiky